[Event "Online Friendship U12"]
[Site "Tornelo INT"]
[Date "2020.11.21"]
[Round "2.2"]
[White "Sagynbekova, Alsu"]
[Black "Fischer, Mio"]
[Result "0-1"]
[WhiteElo "1237"]
[BlackElo "1445"]
[PlyCount "94"]
[EventDate "2020.11.21"]
[EventType "team-swiss"]
[EventRounds "7"]
[EventCountry "BLR"]
[SourceTitle "CBM 199 Extra"]
[Source "ChessBase"]
[SourceDate "2021.01.31"]
[SourceVersion "1"]
[SourceVersionDate "2021.01.31"]
[SourceQuality "1"]
[WhiteTeam "Kyrgyzstan"]
[BlackTeam "Sweden 4 Springare"]
[WhiteTeamCountry "KGZ"]
[BlackTeamCountry "SWE"]

1. e4 c5 2. Nf3 d6 3. d4 cxd4 4. Nxd4 Nf6 5. Nc3 g6 6. Bc4 Bg7 7. Be3 0-0 8. 0-0 b6 9. f3 Bb7 10. Re1 e6 11. Bb3 Nbd7 12. Ndb5 d5 13. exd5 exd5 14. Nxd5 Nc5 15. Nxf6+ Qxf6 16. Bd4 Qg5 17. Bxg7 Kxg7 18. Qd4+ Kg8 19. Qg4 Qf6 20. c3 Nxb3 21. axb3 a6 22. Nc7 Ra7 23. Rad1 Bxf3 24. Qxf3 Qxf3 25. gxf3 Rxc7 26. Rd6 Rb7 27. Rc6 Rd8 28. Re2 a5 29. Kf2 Rd5 30. c4 Rd3 31. Re3 Rd2+ 32. Re2 Rd1 33. Re1 Rd4 34. Re4 Rdd7 35. Ke3 Rd1 36. Rd4 Re1+ 37. Kf2 Rb1 38. Rd2 Kg7 39. Ke3 b5 40. c5 a4 41. bxa4 bxa4 42. Ra6 Rc7 43. Rc2 Ra1 44. b4 axb3 45. Rxa1 bxc2 46. Kd4 Rd7+ 47. Kc4 Rd1 0-1